Lịch sử chính quyền Thành phố Hồ Chí Minh (1945-2015). Tập 2, Chính quyền Nhân dân thành phố Hồ Chí Minh trong công cuộc xây dựng và bảo vệ Tổ quốc (1975-2015)

में बचाया:
ग्रंथसूची विवरण
स्वरूप: Sách
भाषा:Undetermined
प्रकाशित: Chính trị Quốc gia Sự thật 2021
विषय:
टैग : टैग जोड़ें
कोई टैग नहीं, इस रिकॉर्ड को टैग करने वाले पहले व्यक्ति बनें!
Thư viện lưu trữ: Trung tâm Thư viện - Trường Đại học Công nghiệp TP. Hồ Chí Minh
LEADER 00663nam a2200133Ia 4500
001 UIH_00199
008 230809s9999 xx 000 0 und d
082 |a 320.0959779 
245 0 |a Lịch sử chính quyền Thành phố Hồ Chí Minh (1945-2015). Tập 2, Chính quyền Nhân dân thành phố Hồ Chí Minh trong công cuộc xây dựng và bảo vệ Tổ quốc (1975-2015) 
260 |b Chính trị Quốc gia Sự thật 
260 |c 2021 
650 |a Thành phố Hồ Chí Minh (Việt Nam); 
927 |a Sách 
980 |a Trung tâm Thư viện - Trường Đại học Công nghiệp TP. Hồ Chí Minh